000 00685nam a2200241Ia 4500
003 OSt
005 20220928121358.0
006 a|||||r|||| 00| 0
007 ta
008 220927b |||||||| |||| 00| 0 eng d
024 _a43473
037 _cTextual
040 _aSDCL
_cSDCL
_beng
041 _2eng
_aeng
082 _aX65:8, N2
100 _aSchwert G William Ed.
_9451747
245 0 _aEmpirical research in capital markets.
260 _aNew York
_b McGraw-Hill
_c1992
300 _axii,789p
_ccm.
700 _a Smith Clifford W Ed.
_9451748
942 _hX65:8, N2
_cTEXL
_2CC
999 _c765771
_d765771